000 00288nam a22001337a 4500
008 180124b xxu||||| |||| 00| 0 eng d
020 _a9780078803109
041 _aeng
080 _a91
100 _a42
101 _aGJEO
245 _aExploring our world
_cBoehm,R.G
942 _2udc
_cBK
999 _c40851
_d40851